000 00871nam a2200229 i 4500
001 97636
003 ES-MaACL
005 20250416222533.0
007 t|
008 050715s1946 sp ||||1| spa d
100 1 _aMarch, Ausiàs,
_dca. 1397-1459
_9149221
245 1 0 _aTraducciones castellanas de Ausiáas March en la Edad de Oro /
_cMartín de Riquer.
260 _aBarcelona :
_b[s.n.],
_c1946 (
_fHorta)
300 _aXLI, 442 p., 2 fasc. ;
_c27 cm.
490 1 _aPublicaciones sobre filología y literatura
500 _3Precede al tít: Instituto Español de Estudios Mediterráneos
700 1 _aRiquer, Martín de,
_d1914-2013
_9240061
710 2 _aInstituto de Estudios Mediterraneos (Barcelona)
_9151482
830 0 _aPublicaciones sobre filología y literatura
_9232293
852 _aES-MaACL
_jD-7078
_bR.26468
999 _c97636
_d97636